Manual dos Candidatos e Partidos Polt̕icos

Detalles Bibliográficos
Autor principal: Lucena Esmeraldo, Elmana Viana
Formato: Libro
Lenguaje:portugués
Publicado: Brasil JH Mizuno 2013
Materias:
Acceso en línea:Acceso restringido

MARC

LEADER 00000nam a22000007a 4500
005 20160510104748.0
007 cr|||| ||u|
008 160510s2013 bl ||||| |||| 00||0 por d
020 |a 978-85-7789-107-8 
035 |a 14112 
040 |a vLex 
090 |c 6057  |d 6057 
100 1 |a Lucena Esmeraldo, Elmana Viana  
245 1 0 |a Manual dos Candidatos e Partidos Polt̕icos  |h [Recurso electrn̤ico] /   |c Elmana Viana Lucena Esmeraldo 
256 |a Servicio en ln̕ea  
260 |a Brasil   |b JH Mizuno  |c 2013 
300 |a 1 recurso electrn̤ico  
500 |a A presente obra analisa, sistematicamente, os principais aspectos relacionados ao Eleitor, aos Partidos Polt̕icos e aos Candidatos, bem como cada uma das etapas do processo eleitoral, englobando as Convenė̳s Eleitorais, o Registro de Candidaturas, as regras para Arrecadaȯ̂ e Gastos de Recursos em Campanha, todas as formas de Propaganda Eleitoral, as Pesquisas e os Debates Eleitorais, as Condutas Vedadas aos agentes pb︢licos em campanha, os Atos Preparatr̤ios e as ocorrn̊cias no dia da Eleiȯ̂, a Apuraȯ̂, Totalizaȯ̂, Proclamaȯ̂ de Eleitos, Diplomaȯ̂ e todo o procedimento para a elaboraȯ̂ e trḿite da Prestaȯ̂ de Contas de Campanha. O seu grande diferencial est ̀em nô apenas comentar a lei seca, mas mostrar de forma prt̀ica e didt̀ica, cada etapa a ser vivenciada no processo eleitoral, tratando, inclusive dos programas desenvolvidos pela Justiȧ Eleitoral, como o Filiaweb, o Candex, o SRCF e o SPCE, desmistificando-os e demonstrando suas funcionalidades. Trata-se de obra indispensv̀el aos juz̕es, promotores, advogados, candidatos, servidores da Justiȧ Eleitoral, dirigentes partidr̀ios, assessores de campanha, profissionais da imprensa e todos os interessados em informaė̳s atualizadas e seguras acerca desse grande procedimento de inestimv̀el importńcia para o Estado Democrt̀ico de Direito. 
506 1 |a Contenido solo disponible en los productos indicados  |d vLex Global  |d vLex Global (Academic Edition, excluding Law Schools)  |d vLex Global (U.S. Academic Edition, Law Schools)  |d vLex Global (U.S. Academic Edition, excluding Law Schools)  |d vLex Global (Academic Edition, Law Schools) 
650 0 4 |a Derecho  |z Brasil 
740 |a vLex  
856 4 0 |u http://vlex.com/source/manual-dos-candidatos-e-partidos-politicos-14112  |z Acceso restringido  
942 |c BOOK 
999 0 |a Law   |b Brasil